[Event "47. Miedzynarodowy Festiwal Szachowy im."]
[Site "Polanica Zdroj"]
[Date "2011.??.??"]
[Round "2.12"]
[White "Olszewski, Jerzy"]
[Black "Solek, Zenon"]
[Result "1-0"]
[WhiteElo "1885"]
[BlackElo "1883"]
[PlyCount "105"]
[EventDate "2011.??.??"]

1. e4 c5 2. Nc3 Nc6 3. g3 g6 4. Bg2 Bg7 5. Nge2 e6 6. O-O Nge7 7. d3 Rb8 8. Bf4
d6 9. Qc1 b5 10. Bh6 O-O 11. Bxg7 Kxg7 12. b3 h6 13. f4 b4 14. Nd1 Nd4 15. Qd2
Nec6 16. a4 Qf6 17. Rc1 Rd8 18. Ne3 Nxe2+ 19. Qxe2 Qc3 20. Qf2 Ne7 21. Kh1 Qd4
22. Qe2 f5 23. Nc4 Qf6 24. e5 dxe5 25. Nxe5 Bb7 26. Rfe1 Bxg2+ 27. Qxg2 Rb6 28.
Re2 Nd5 29. Rce1 Qe7 30. Nc4 Ra6 31. Re5 Kf7 32. Kg1 h5 33. h4 Kf6 34. Nd2 Rdd6
35. Qf2 Qc7 36. Nf3 Rdc6 37. Ng5 Rd6 38. Kh2 Rdc6 39. Kh3 Rd6 40. Qg2 Qc6 41.
Kh2 Qc7 42. Nxe6 Rxe6 43. Qxd5 Rxe5 44. fxe5+ Kg7 45. Kg2 Qc6 46. Qxc6 Rxc6 47.
Kf3 Kf7 48. Kf4 Ke6 49. Kg5 Kd5 50. e6 Rxe6 51. Rxe6 Kxe6 52. Kxg6 Kd5 53. Kxh5
1-0

[Event "47. Miedzynarodowy Festiwal Szachowy im."]
[Site "Polanica Zdroj"]
[Date "2011.??.??"]
[Round "2.13"]
[White "Szczerbak, Stefan"]
[Black "Rychlik, Bogdan"]
[Result "0-1"]
[WhiteElo "1672"]
[BlackElo "1820"]
[PlyCount "98"]
[EventDate "2011.??.??"]

1. Nf3 Nf6 2. g3 b6 3. Bg2 Bb7 4. O-O g6 5. d4 d5 6. c3 Bg7 7. Nbd2 Nbd7 8. Qc2
O-O 9. Re1 Rc8 10. Bh3 c5 11. e3 Rc7 12. a4 a5 13. Qb1 Re8 14. Qa2 Ne4 15. Nxe4
dxe4 16. Ng5 c4 17. Bf1 e6 18. h4 Bd5 19. Bg2 Nf6 20. Bd2 e5 21. dxe5 Rxe5 22.
Rad1 Qe7 23. Bc1 h6 24. Nh3 g5 25. hxg5 hxg5 26. Kf1 Ng4 27. Re2 Rc6 28. Red2
Be6 29. Qb1 Nh2+ 30. Kg1 Nf3+ 31. Bxf3 exf3 32. Rd8+ Bf8 33. Kh2 Qf6 34. g4
Bxg4 35. Kg3 Bf5 36. Qa2 Bd3 37. Rxf8+ Kxf8 38. Rg1 Qh6 39. Kh2 Bf5 40. Rg3 Re4
41. Qa3+ Rc5 42. Rxf3 Kg8 43. Rg3 Rg4 44. e4 Rxg3 45. fxg3 Qxh3+ 46. Kg1 Bxe4
47. Kf2 Qg2+ 48. Ke1 Bd3 49. Qxc5 Qe2# 0-1

[Event "47. Miedzynarodowy Festiwal Szachowy im."]
[Site "Polanica Zdroj"]
[Date "2011.??.??"]
[Round "2.14"]
[White "Feliksinski, Tadeusz"]
[Black "Krawiec, Stanislaw"]
[Result "1-0"]
[WhiteElo "1786"]
[BlackElo "1662"]
[PlyCount "99"]
[EventDate "2011.??.??"]

1. e4 e5 2. Nf3 d6 3. Nc3 Nf6 4. Bc4 Bg4 5. h3 Bh5 6. d3 h6 7. Be3 c6 8. g4 Bg6
9. Qe2 Nbd7 10. O-O-O a5 11. a3 b5 12. Ba2 b4 13. Nb1 c5 14. Nh4 Bh7 15. Nf5
Bxf5 16. exf5 d5 17. f4 Bd6 18. g5 hxg5 19. fxg5 Nh5 20. Bxd5 Rb8 21. Rhg1 Qb6
22. a4 Qc7 23. b3 Nb6 24. Bc4 Kd8 25. Nd2 Qb7 26. Bb5 Nd5 27. Ne4 Qb6 28. Bd2
Nhf4 29. Qf1 Rxh3 30. Bc4 Rh8 31. Rh1 Kc7 32. Bxf4 Nxf4 33. Bxf7 Rbf8 34. g6
Be7 35. Qf3 Kb8 36. Rxh8 Rxh8 37. Rh1 Qd8 38. Rh7 Kc7 39. Rxg7 Rh3 40. Qf2 Rxd3
41. Bc4 Rd1+ 42. Kb2 Kb6 43. f6 Bf8 44. Rg8 Nxg6 45. Rxg6 Rd4 46. f7+ Ka7 47.
Qf5 Rxe4 48. Qxe4 Qd4+ 49. Qxd4 cxd4 50. Rg8 1-0

[Event "47. Miedzynarodowy Festiwal Szachowy im."]
[Site "Polanica Zdroj"]
[Date "2011.??.??"]
[Round "2.15"]
[White "Kwiek, Janusz"]
[Black "Zielinski, Andrzej"]
[Result "1-0"]
[WhiteElo "1778"]
[BlackElo "1618"]
[PlyCount "34"]
[EventDate "2011.??.??"]

1. Nf3 d5 2. d4 h6 3. c4 dxc4 4. e4 e6 5. Bxc4 a6 6. O-O b5 7. Bb3 Bb7 8. Re1
Nf6 9. Qd3 Be7 10. Bf4 Nc6 11. a3 Nh5 12. Qe3 Na5 13. Bc2 Nf6 14. Qd2 Nc6 15.
b4 O-O 16. Nc3 Qd7 17. Rad1 Rad8 {zapis nieczytelny} 1-0

[Event "47. Miedzynarodowy Festiwal Szachowy im."]
[Site "Polanica Zdroj"]
[Date "2011.??.??"]
[Round "2.16"]
[White "Pudlo, Jerzy"]
[Black "Rabeda, Grzegorz"]
[Result "0-1"]
[WhiteElo "1702"]
[BlackElo "1495"]
[PlyCount "132"]
[EventDate "2011.??.??"]

1. d4 d5 2. c4 e6 3. Nf3 Nf6 4. e3 a6 5. a3 dxc4 6. Bxc4 b5 7. Bd3 Bb7 8. b4
Nbd7 9. Bb2 Bd6 10. Nbd2 O-O 11. Rc1 Re8 12. e4 Bf4 13. Rc3 g6 14. g3 Bh6 15.
O-O Bg7 16. Rc1 Nb6 17. Qc2 Rc8 18. Rfe1 Re7 19. Nb3 Na4 20. Ba1 Ba8 21. Rcd1
Ne8 22. Nc5 Nxc5 23. bxc5 f5 24. Qe2 Bf8 25. Qe3 Nf6 26. Nd2 Ng4 27. Qe2 Qd7
28. f3 Nh6 29. Nb3 Bg7 30. Bc2 Qe8 31. h3 Qf7 32. Kh2 Rce8 33. Na5 f4 34. g4
Qf6 35. Qf2 g5 36. Bb3 Qf8 37. Ba2 Kh8 38. Kg2 Rd8 39. Nb3 Nf7 40. h4 h6 41. h5
c6 42. e5 Red7 43. Qc2 Qg8 44. Nc1 Re8 45. Qg6 Qh7 46. Bb1 Qxg6 47. Bxg6 Kg8
48. Bc3 Rb8 49. Ba5 Bf8 50. Bxf7+ Kxf7 51. Na2 Be7 52. Nb4 Bb7 53. Nd3 Bd8 54.
Bxd8 Rbxd8 55. Nf2 Rxd4 56. Rxd4 Rxd4 57. Ne4 Ke7 58. Nd6 Ba8 59. Nc8+ Kf8 60.
Re4 Rd8 61. Nd6 a5 62. Kf2 Rb8 63. Rd4 Ke7 64. Ke2 Bb7 65. Kd2 Ba6 66. Re4 b4
0-1

[Event "47. Miedzynarodowy Festiwal Szachowy im."]
[Site "Polanica Zdroj"]
[Date "2011.??.??"]
[Round "2.17"]
[White "Panczuk, Boleslaw"]
[Black "Ossowski, Boleslaw"]
[Result "0-1"]
[WhiteElo "1482"]
[BlackElo "1694"]
[PlyCount "74"]
[EventDate "2011.??.??"]

1. d4 e6 2. c4 b6 3. Nf3 Bb7 4. e3 Nf6 5. Nc3 d5 6. Bd3 Nbd7 7. O-O Be7 8. Re1
O-O 9. cxd5 exd5 10. e4 dxe4 11. Nxe4 Re8 12. Qc2 Rc8 13. Bg5 Bxe4 14. Bxe4
Nxe4 15. Bxe7 Qxe7 16. Re3 f5 17. Rae1 Qf6 18. Nd2 Nd6 19. Qc6 Rxe3 20. fxe3
Qe7 21. Kh1 Nf6 22. Nf3 Qe4 23. Qa4 a5 24. Ne5 Qh4 25. Nf3 Qe4 26. Qd1 Re8 27.
Ng5 Qd5 28. b3 h6 29. Nh3 Ng4 30. Qd2 Qe4 31. Nf2 Nxf2+ 32. Qxf2 f4 33. Qh4
fxe3 34. Qxe4 Rxe4 35. Kg1 Nf5 36. d5 Rd4 37. g4 Rxg4+ 0-1

[Event "47. Miedzynarodowy Festiwal Szachowy im."]
[Site "Polanica Zdroj"]
[Date "2011.??.??"]
[Round "2.18"]
[White "Peer, Eli"]
[Black "Jurkiewicz, Kazimierz"]
[Result "1-0"]
[WhiteElo "1693"]
[BlackElo "1477"]
[PlyCount "121"]
[EventDate "2011.??.??"]

1. e4 e5 2. Bc4 Nc6 3. Nf3 h6 4. c3 Bc5 5. O-O d6 6. d4 exd4 7. cxd4 Bb6 8. Re1
Bg4 9. Qb3 Qf6 10. e5 Qg6 11. exd6+ Kf8 12. Ne5 Nxe5 13. dxe5 Be6 14. Bxe6 Qxe6
15. Qxe6 fxe6 16. dxc7 Bxc7 17. Bd2 Ne7 18. Bb4 a5 19. Bd6 Bb6 20. Nd2 Ke8 21.
Nc4 Nd5 22. Nxb6 Nxb6 23. Rac1 Nd5 24. a3 Kd7 25. Re2 h5 26. g3 g6 27. Rec2
Rhc8 28. Kf1 Rxc2 29. Rxc2 Rc8 30. Rxc8 Kxc8 31. Ke2 a4 32. Kd3 b5 33. Kd4 Kb7
34. Bb4 Kc6 35. h3 Nc7 36. f4 Ne8 37. Bf8 Nc7 38. Ke4 Kd7 39. g4 Ke8 40. Bd6
Nd5 41. f5 Kf7 42. fxe6+ Kxe6 43. gxh5 gxh5 44. Bc5 Nc7 45. Bd4 Ne8 46. Bc3 Ng7
47. Kd4 Ne8 48. Kc5 Nc7 49. Kc6 Nd5 50. Kxb5 Nf4 51. h4 Ng2 52. Kxa4 Nxh4 53.
Be1 Nf3 54. Bg3 Nxe5 55. b4 Kd5 56. Kb5 Nc4 57. a4 Nd6+ 58. Kb6 Nc4+ 59. Kc7
Nb2 60. a5 Kc4 61. a6 1-0

[Event "47. Miedzynarodowy Festiwal Szachowy im."]
[Site "Polanica Zdroj"]
[Date "2011.??.??"]
[Round "3.1"]
[White "Winiarski, Kazimierz"]
[Black "Gralka, Julian"]
[Result "1/2-1/2"]
[WhiteElo "1967"]
[BlackElo "2282"]
[PlyCount "64"]
[EventDate "2011.??.??"]

1. Nf3 d5 2. d4 Nf6 3. g3 Bf5 4. Bg2 e6 5. O-O Be7 6. c4 c6 7. Qb3 Qb6 8. c5
Qa6 9. Nc3 b6 10. cxb6 axb6 11. Nh4 Bg6 12. Nxg6 hxg6 13. e4 O-O 14. exd5 cxd5
15. Re1 Nc6 16. Qd1 Rac8 17. Bf1 Qa5 18. a3 Rfd8 19. Bg5 Ne8 20. Bxe7 Nxe7 21.
b4 Qa8 22. Qb3 Nd6 23. a4 Nef5 24. Red1 Nc4 25. Nb5 Nfd6 26. Nxd6 Rxd6 27. Bxc4
Rxc4 28. a5 bxa5 29. bxa5 Qa7 30. Ra4 Qa6 31. Rb1 Rdc6 32. Rxc4 dxc4 1/2-1/2

[Event "47. Miedzynarodowy Festiwal Szachowy im."]
[Site "Polanica Zdroj"]
[Date "2011.??.??"]
[Round "3.2"]
[White "Galicki, Ryszard"]
[Black "Budrewicz, Henryk"]
[Result "1-0"]
[WhiteElo "1986"]
[BlackElo "1607"]
[PlyCount "71"]
[EventDate "2011.??.??"]

1. e4 e6 2. d4 b6 3. c4 Bb7 4. d5 Qe7 5. Be2 exd5 6. exd5 g6 7. Nf3 Bg7 8. O-O
Nf6 9. Nc3 a6 10. Bf4 d6 11. Bd3 O-O 12. Re1 Qd8 13. Qd2 Nbd7 14. Bg5 Re8 15.
Ne4 Ne5 16. Nxe5 dxe5 17. Qe3 Bc8 18. Qf3 Bf5 19. Bxf6 Bxe4 20. Bxd8 Bxf3 21.
Bxc7 Bg4 22. Bxb6 Rab8 23. c5 Bc8 24. Rab1 f5 25. Bc4 e4 26. b4 f4 27. Bc7 Bf5
28. Bxb8 Rxb8 29. d6+ Kf8 30. c6 e3 31. c7 exf2+ 32. Kxf2 Rb6 33. Rbd1 Rxb4 34.
Bxa6 Rb2+ 35. Re2 Rxe2+ 36. Bxe2 1-0

[Event "47. Miedzynarodowy Festiwal Szachowy im."]
[Site "Polanica Zdroj"]
[Date "2011.??.??"]
[Round "3.3"]
[White "Olejarczyk, Bogdan"]
[Black "Przybyl, Jozef"]
[Result "1-0"]
[WhiteElo "2137"]
[BlackElo "1941"]
[PlyCount "84"]
[EventDate "2011.??.??"]

1. d4 f5 2. Nf3 Nf6 3. c4 e6 4. g3 b6 5. Bg2 Bb4+ 6. Bd2 Bxd2+ 7. Nfxd2 c6 8.
Nc3 d5 9. O-O O-O 10. e3 Nbd7 11. b3 Rb8 12. Qc2 Bb7 13. Rfd1 Ne4 14. f3 Nxc3
15. Qxc3 Rc8 16. Rac1 c5 17. dxc5 Rxc5 18. Qb2 Qf6 19. Qxf6 Nxf6 20. cxd5 Rxc1
21. Rxc1 Nxd5 22. f4 Rf7 23. Bxd5 Bxd5 24. Rc8+ Rf8 25. Rxf8+ Kxf8 26. Kf2 Ke7
27. e4 fxe4 28. Ke3 Kd6 29. Nxe4+ Bxe4 30. Kxe4 g6 31. g4 h6 32. h4 h5 33. gxh5
gxh5 34. Kd4 Ke7 35. Ke5 Kf7 36. f5 exf5 37. Kxf5 b5 38. b4 Ke7 39. Kg6 Ke6 40.
a3 a6 41. Kxh5 Kf5 42. Kh6 Kg4 1-0

[Event "47. Miedzynarodowy Festiwal Szachowy im."]
[Site "Polanica Zdroj"]
[Date "2011.??.??"]
[Round "3.4"]
[White "Drazek, Wladyslaw"]
[Black "Olszewski, Jerzy"]
[Result "1-0"]
[WhiteElo "2063"]
[BlackElo "1885"]
[PlyCount "62"]
[EventDate "2011.??.??"]

1. d4 d5 2. Nf3 g6 3. c4 c6 4. Nc3 Nf6 5. e3 Bg4 6. Be2 Bxf3 7. Bxf3 e6 8. O-O
Bg7 9. Qb3 Qb6 10. Qa4 O-O 11. Rb1 Nbd7 12. b3 Qc7 13. Bb2 Rfe8 14. Rfc1 Qd8
15. cxd5 exd5 16. Qb4 Nb6 17. Na4 Nxa4 18. bxa4 Qd7 19. Bc3 Rab8 20. Be1 Bf8
21. Qb3 Bd6 22. Rc2 Rec8 23. g3 Ne8 24. e4 dxe4 25. Bxe4 Nf6 26. Bf3 Re8 27.
Bd2 Bf8 28. Bf4 Bd6 29. Be3 Qe6 30. Rcb2 Nd5 31. Re1 Qd7 {blad w zapisie} 1-0

[Event "47. Miedzynarodowy Festiwal Szachowy im."]
[Site "Polanica Zdroj"]
[Date "2011.??.??"]
[Round "3.5"]
[White "Niecko, Stanislaw"]
[Black "Widera, Jan"]
[Result "0-1"]
[WhiteElo "1856"]
[BlackElo "2045"]
[PlyCount "64"]
[EventDate "2011.??.??"]

1. c4 c5 2. Nf3 b6 3. g3 Bb7 4. Bg2 Nf6 5. O-O g6 6. Nc3 Bg7 7. d3 O-O 8. Bd2
d5 9. cxd5 Nxd5 10. Nxd5 Qxd5 11. Nh4 Qd7 12. Bxb7 Qxb7 13. Bc3 e5 14. Nf3 Nc6
15. a4 Rfe8 16. Nd2 Rad8 17. Qc2 h6 18. g4 Qe7 19. Ne4 Qh4 20. f3 f5 21. gxf5
gxf5 22. Ng3 Rf8 23. Kh1 Nd4 24. Bxd4 exd4 25. Qc4+ Kh8 26. Qe6 Rde8 27. Qd7
Be5 28. Rg1 Re7 29. Qd5 Bxg3 30. Rxg3 Rxe2 31. Rg2 Rxg2 32. Kxg2 Re8 0-1

[Event "47. Miedzynarodowy Festiwal Szachowy im."]
[Site "Polanica Zdroj"]
[Date "2011.??.??"]
[Round "3.6"]
[White "Lada, Ireneusz"]
[Black "Skladzien, Romuald"]
[Result "1-0"]
[WhiteElo "2042"]
[BlackElo "1865"]
[PlyCount "57"]
[EventDate "2011.??.??"]

1. c4 e6 2. Nf3 Nf6 3. g3 d5 4. Bg2 Be7 5. O-O O-O 6. b3 c5 7. cxd5 exd5 8. d4
Nc6 9. Bb2 Be6 10. dxc5 Bxc5 11. Ng5 Ng4 12. Nh3 Qa5 13. Nc3 Rad8 14. a3 d4 15.
Ne4 Be7 16. Nf4 Nf6 17. b4 Qf5 18. Qd3 g6 19. Nxf6+ Bxf6 20. Be4 Qg5 21. Nxe6
fxe6 22. f4 Qg4 23. Kg2 e5 24. f5 gxf5 25. Rxf5 Qg7 26. Rh5 h6 27. Bc1 Bg5 28.
Bxg5 hxg5 29. Qd2 1-0

[Event "47. Miedzynarodowy Festiwal Szachowy im."]
[Site "Polanica Zdroj"]
[Date "2011.??.??"]
[Round "3.7"]
[White "Dulinski, Stanislaw"]
[Black "Kozicz, Andrzej"]
[Result "0-1"]
[WhiteElo "1831"]
[BlackElo "2014"]
[Annotator "Doe,John"]
[PlyCount "42"]
[EventDate "2011.??.??"]

1. e4 c5 2. c4 Nc6 3. Nc3 d6 4. f4 Nd4 5. h3 e5 6. Nf3 exf4 7. Nd5 Nf6 8. d3
Nxd5 9. cxd5 Nxf3+ 10. Qxf3 Qh4+ 11. Kd1 g5 12. Bd2 Bg7 13. Kc2 Be5 14. Be2 f6
15. Raf1 Bd7 16. Bc3 O-O-O 17. Ba5 Rde8 18. Kb1 Qh6 19. Rc1 Kb8 20. h4 g4 21.
Qf1 f5 {dalsze zapisy nieczytelne} 0-1

[Event "47. Miedzynarodowy Festiwal Szachowy im."]
[Site "Polanica Zdroj"]
[Date "2011.??.??"]
[Round "3.8"]
[White "Santura, Janusz"]
[Black "Czech, Mieczyslaw"]
[Result "1-0"]
[WhiteElo "1856"]
[BlackElo "1967"]
[Annotator "Doe,John"]
[PlyCount "45"]
[EventDate "2011.??.??"]

1. d4 Nf6 2. Nf3 d5 3. Bg5 Nbd7 4. e3 c6 5. Nbd2 g6 6. Bd3 Bg7 7. O-O O-O 8.
Qe2 Re8 9. Rfd1 e5 10. dxe5 Nxe5 11. Nxe5 Rxe5 12. Nf3 Bg4 13. Bf4 Re8 14. h3
Bd7 15. c4 Qe7 16. Bg5 dxc4 17. Bxc4 Bf5 18. Nd4 Qe5 19. Bf4 Qa5 20. b4 Qb6 21.
Nxf5 gxf5 22. Rab1 Rad8 23. a3 {dalsze zapisy nieczytelne} 1-0

[Event "47. Miedzynarodowy Festiwal Szachowy im."]
[Site "Polanica Zdroj"]
[Date "2011.??.??"]
[Round "3.9"]
[White "Pojedziniec, Wladyslaw"]
[Black "Peer, Eli"]
[Result "1-0"]
[WhiteElo "2168"]
[BlackElo "1693"]
[PlyCount "49"]
[EventDate "2011.??.??"]

1. d4 Nf6 2. c4 d5 3. cxd5 Nxd5 4. e4 Nf6 5. Nc3 g6 6. Bc4 Bg7 7. Nf3 O-O 8. h3
c6 9. O-O Nfd7 10. Be3 h6 11. Qd2 Kh7 12. Rad1 b5 13. Bb3 a5 14. a3 Na6 15.
Rfe1 Bb7 16. Qe2 Qc8 17. Rc1 Qb8 18. Bc2 e6 19. h4 Nf6 20. e5 Nd5 21. Nxd5 exd5
22. h5 f5 23. hxg6+ Kg8 24. Qd2 Qe8 25. Nh4 1-0

[Event "47. Miedzynarodowy Festiwal Szachowy im."]
[Site "Polanica Zdroj"]
[Date "2011.??.??"]
[Round "3.10"]
[White "Wilczewski, Piotr"]
[Black "Wyczalek, Tytus"]
[Result "1/2-1/2"]
[WhiteElo "1908"]
[BlackElo "1382"]
[PlyCount "80"]
[EventDate "2011.??.??"]

1. d4 d5 2. f4 Bf5 3. Nf3 h6 4. e3 Nf6 5. c3 e6 6. b3 Bd6 7. Ba3 a6 8. Bxd6
Qxd6 9. b4 O-O 10. Nbd2 Nbd7 11. Ne5 Ne4 12. Nxd7 Qxd7 13. Nxe4 Bxe4 14. a4 b6
15. a5 b5 16. Qg4 Qe7 17. O-O-O Qf6 18. Be2 Qg6 19. Qxg6 Bxg6 20. g4 f6 21. h4
Be4 22. Rh3 Rae8 23. g5 hxg5 24. hxg5 fxg5 25. fxg5 Bg6 26. Rdh1 Rf2 27. Kd2
Ref8 28. Rh8+ Kf7 29. Rxf8+ Kxf8 30. Rf1 Rxf1 31. Bxf1 Ke7 32. Ke2 Kd6 33. Kf3
Bf5 34. Kf4 g6 35. Be2 Be4 36. Bf1 Bf5 37. Bg2 c6 38. e4 dxe4 39. Bxe4 Bxe4 40.
Kxe4 Kd7 1/2-1/2

[Event "47. Miedzynarodowy Festiwal Szachowy im."]
[Site "Polanica Zdroj"]
[Date "2011.??.??"]
[Round "3.11"]
[White "Ossowski, Boleslaw"]
[Black "Salamon, Jan"]
[Result "1-0"]
[WhiteElo "1694"]
[BlackElo "1823"]
[PlyCount "76"]
[EventDate "2011.??.??"]

1. d4 Nf6 2. c4 e6 3. Nc3 d5 4. Bg5 Be7 5. e3 O-O 6. Nf3 a6 7. a4 c6 8. Bd3
Nbd7 9. O-O Re8 10. Qc2 Nf8 11. Rfb1 N6d7 12. b4 Bxg5 13. b5 Bf6 14. e4 e5 15.
bxc6 bxc6 16. cxd5 exd4 17. Ne2 c5 18. Ra3 g6 19. Ng3 Ne5 20. Nxe5 Bxe5 21. Nf1
Rb8 22. Rab3 Rxb3 23. Rxb3 Qc7 24. g3 Bd7 25. Ra3 Qa5 26. Nd2 Bh3 27. f4 Bg7
28. Kf2 Qb4 29. Nc4 Rb8 30. Be2 Bc8 31. Bd3 Nd7 32. Ra2 Qb3 33. Qe2 Qb7 34. Na5
Qc7 35. Nc4 Nb6 36. d6 Qa7 37. e5 Nd5 38. Ra3 Nc3 1-0

[Event "47. Miedzynarodowy Festiwal Szachowy im."]
[Site "Polanica Zdroj"]
[Date "2011.??.??"]
[Round "3.13"]
[White "Korycki, Jozef"]
[Black "Feliksinski, Tadeusz"]
[Result "0-1"]
[WhiteElo "1672"]
[BlackElo "1786"]
[PlyCount "114"]
[EventDate "2011.??.??"]

1. e4 e5 2. c4 Nf6 3. d3 Bc5 4. h3 Nc6 5. Nf3 h6 6. a3 a6 7. b4 Bd4 8. Ra2 d6
9. Be2 Be6 10. O-O b5 11. Nbd2 a5 12. bxa5 Nxa5 13. Nxd4 exd4 14. Rb2 bxc4 15.
dxc4 O-O 16. Bd3 c5 17. f4 Qc7 18. f5 Bd7 19. Nf3 Nc6 20. Rbf2 Ne5 21. Nxe5
dxe5 22. Qf3 Qd6 23. g4 Nh7 24. h4 f6 25. Qg3 Qe7 26. Rg2 Kh8 27. Rh2 Kg8 28.
Rff2 Rfb8 29. Bc2 Ba4 30. Qd3 Bc6 31. Rhg2 Ba4 32. Rg3 Bc6 33. Rfg2 Kf7 34. g5
hxg5 35. hxg5 Nxg5 36. Bxg5 fxg5 37. Rxg5 Rg8 38. Qf3 Kf8 39. Rg6 Be8 40. f6
Qc7 41. Rxg7 Rxg7 42. fxg7+ 0-1

[Event "47. Miedzynarodowy Festiwal Szachowy im."]
[Site "Polanica Zdroj"]
[Date "2011.??.??"]
[Round "3.14"]
[White "Rabeda, Grzegorz"]
[Black "Kwiek, Janusz"]
[Result "0-1"]
[WhiteElo "1495"]
[BlackElo "1778"]
[PlyCount "31"]
[EventDate "2011.??.??"]

1. d4 Nf6 2. c4 e6 3. g3 d5 4. Bg2 Be7 5. Nc3 O-O 6. Nf3 Nc6 7. cxd5 exd5 8.
O-O Bf5 9. Nh4 Be6 10. e3 Qc8 11. Re1 Rd8 12. a3 Ng4 13. Qd3 Na5 14. Ne2 Nc4
15. b3 Nd6 16. Bb2 {blad w zapisie} 0-1

[Event "47. Miedzynarodowy Festiwal Szachowy im."]
[Site "Polanica Zdroj"]
[Date "2011.??.??"]
[Round "3.15"]
[White "Janocha, Jan"]
[Black "Niezgoda, Boleslaw"]
[Result "1-0"]
[WhiteElo "1781"]
[BlackElo "1735"]
[PlyCount "47"]
[EventDate "2011.??.??"]

1. e4 Nc6 2. Nf3 e5 3. Bc4 Be7 4. O-O Nf6 5. c3 O-O 6. Re1 d6 7. d4 d5 8. exd5
Nxd5 9. Nxe5 Bf6 10. Nxc6 bxc6 11. Bd3 g6 12. Na3 Bg7 13. Nc2 Rb8 14. Qf3 Bd7
15. Ne3 Nxe3 16. fxe3 Bh6 17. b4 Qc8 18. e4 Bg4 19. Qg3 Bg7 20. Bf4 c5 21. bxc5
Be6 22. Bxc7 Rb2 23. a4 Rd2 24. Bd6 1-0

[Event "47. Miedzynarodowy Festiwal Szachowy im."]
[Site "Polanica Zdroj"]
[Date "2011.??.??"]
[Round "3.16"]
[White "Kwiatkowski, Zygmunt"]
[Black "Pudlo, Jerzy"]
[Result "1/2-1/2"]
[WhiteElo "1613"]
[BlackElo "1702"]
[PlyCount "66"]
[EventDate "2011.??.??"]

1. c4 c5 2. Nf3 Nc6 3. g3 d6 4. Bg2 g6 5. O-O Bg7 6. d3 e5 7. Nc3 Nge7 8. Bg5
f6 9. Bd2 O-O 10. Qc1 Re8 11. Rb1 Rb8 12. a3 Be6 13. b4 b6 14. h3 Bf7 15. Bh6
Bh8 16. Bd2 Qc8 17. Kh2 Nf5 18. e3 Nfe7 19. Ng1 Bg7 20. Nge2 g5 21. b5 Nd8 22.
Ne4 Qc7 23. Kg1 h6 24. f4 f5 25. Nf2 exf4 26. exf4 Ng6 27. Re1 gxf4 28. Nxf4
Kh7 29. Rxe8 Bxe8 30. Nxg6 Bxg6 31. Bc3 Ne6 32. Bxg7 Qxg7 33. Qc2 Nd4 1/2-1/2

[Event "47. Miedzynarodowy Festiwal Szachowy im."]
[Site "Polanica Zdroj"]
[Date "2011.??.??"]
[Round "3.17"]
[White "Zielinski, Andrzej"]
[Black "Solek, Zenon"]
[Result "0-1"]
[WhiteElo "1618"]
[BlackElo "1883"]
[PlyCount "88"]
[EventDate "2011.??.??"]

1. d4 f5 2. c4 g6 3. Nf3 Nf6 4. Nc3 Bg7 5. h3 O-O 6. Bf4 d6 7. e3 c6 8. Qb3 Qb6
9. Qc2 Na6 10. a3 Re8 11. Be2 Nh5 12. Bh2 e5 13. Rd1 Qc7 14. O-O Qe7 15. d5 Nc7
16. Qd2 Rd8 17. Ne1 Nf6 18. f4 e4 19. Nc2 cxd5 20. Nb4 dxc4 21. Bxc4+ Be6 22.
Nbd5 Nfxd5 23. Nxd5 Nxd5 24. Bxd5 Qf7 25. Bxe6 Qxe6 26. Qb4 Rd7 27. Bg3 Rc8 28.
Rd2 Qc4 29. Qxc4+ Rxc4 30. Rfd1 Rc6 31. Be1 Rb6 32. Rb1 Kf7 33. Rc2 Rb3 34. Bc3
Bxc3 35. Rxc3 Rxc3 36. bxc3 Ke6 37. Kf2 Rc7 38. Rc1 Rc4 39. Ke2 Kd5 40. Kd2 Ra4
41. Ra1 Kc4 42. Kc2 Ra5 43. g4 b6 44. g5 Rd5 0-1

[Event "47. Miedzynarodowy Festiwal Szachowy im."]
[Site "Polanica Zdroj"]
[Date "2011.??.??"]
[Round "3.18"]
[White "Jurkiewicz, Kazimierz"]
[Black "Szczerbak, Stefan"]
[Result "1-0"]
[WhiteElo "1477"]
[BlackElo "1672"]
[Annotator "Doe,John"]
[PlyCount "53"]
[EventDate "2011.??.??"]

1. d4 d5 2. Bf4 c6 3. Nf3 Nd7 4. e3 Ngf6 5. h3 e6 6. Bd3 a6 7. Nbd2 c5 8. c3 c4
9. Bb1 b5 10. Qc2 g6 11. Be5 Nxe5 12. Nxe5 Bb7 13. Ndf3 Bg7 14. Nh4 Ne4 15.
Nhf3 f6 16. Ng4 h5 17. Ngh2 Qa5 18. Nd2 f5 19. Nhf3 Bf6 20. Nxe4 dxe4 21. Nd2
Kf7 22. b4 Qc7 23. a4 Bd5 24. a5 Rh6 25. Qb2 e5 26. Bc2 exd4 27. exd4 {
dalsze zapisy nieczytelne} 1-0

[Event "47. Miedzynarodowy Festiwal Szachowy im."]
[Site "Polanica Zdroj"]
[Date "2011.??.??"]
[Round "3.19"]
[White "Krawiec, Stanislaw"]
[Black "Panczuk, Boleslaw"]
[Result "1-0"]
[WhiteElo "1662"]
[BlackElo "1482"]
[PlyCount "45"]
[EventDate "2011.??.??"]

1. e4 c5 2. Nf3 Nc6 3. d4 cxd4 4. Nxd4 Nf6 5. Nc3 d6 6. Ndb5 a6 7. Na3 e6 8.
Bd3 Be7 9. O-O O-O 10. Ne2 b5 11. c3 Bb7 12. Be3 Rc8 13. Rc1 Re8 14. Ng3 Ne5
15. Bb1 d5 16. Bd4 Nc4 17. Nxc4 bxc4 18. e5 Nd7 19. f4 f6 20. Qh5 g6 21. Bxg6
hxg6 22. Qxg6+ Kf8 23. Nh5 1-0

[Event "47. Miedzynarodowy Festiwal Szachowy im."]
[Site "Polanica Zdroj"]
[Date "2011.??.??"]
[Round "4.1"]
[White "Gralka, Julian"]
[Black "Galicki, Ryszard"]
[Result "1-0"]
[WhiteElo "2282"]
[BlackElo "1986"]
[PlyCount "120"]
[EventDate "2011.??.??"]

1. d4 Nf6 2. c4 c5 3. d5 b5 4. cxb5 a6 5. bxa6 Bxa6 6. Nc3 g6 7. Nf3 d6 8. g3
Bg7 9. Bg2 O-O 10. O-O Nbd7 11. Rb1 Rb8 12. h3 Nb6 13. b3 e6 14. dxe6 fxe6 15.
Qc2 Re8 16. Rd1 Qc7 17. e4 Nfd7 18. Bf4 e5 19. Be3 Nf8 20. Qd2 Rbd8 21. Nd5
Nxd5 22. Qxd5+ Qf7 23. Qxf7+ Kxf7 24. b4 Ne6 25. Ng5+ Nxg5 26. Bxg5 Bf6 27.
Bxf6 Kxf6 28. bxc5 Bc4 29. Rb6 Bxa2 30. h4 Be6 31. cxd6 Rd7 32. Bf1 Bg4 33. Rd2
Bf3 34. Bg2 Bxg2 35. Kxg2 Red8 36. f4 Ke6 37. Rd5 exf4 38. gxf4 Rc8 39. Rd3 Rc1
40. e5 Rc4 41. Kg3 Kf5 42. Re3 Ke6 43. Rb8 Rf7 44. Rf3 Rd4 45. Rc8 Rd1 46. Rc2
h6 47. Re2 Rd4 48. h5 Rg7 49. hxg6 Rxg6+ 50. Kf2 Kf5 51. Ke3 Rd5 52. Rd2 Rxd2
53. Kxd2 Rg8 54. Kd3 h5 55. Kd4 h4 56. Kd5 Kg4 57. Rf1 Kf5 58. d7 h3 59. Rh1
Rg3 60. Kd6 Kxf4 1-0

[Event "47. Miedzynarodowy Festiwal Szachowy im."]
[Site "Polanica Zdroj"]
[Date "2011.??.??"]
[Round "4.2"]
[White "Lada, Ireneusz"]
[Black "Olejarczyk, Bogdan"]
[Result "0-1"]
[WhiteElo "2042"]
[BlackElo "2137"]
[PlyCount "50"]
[EventDate "2011.??.??"]

1. c4 c6 2. e4 d5 3. Nc3 dxe4 4. Nxe4 Bf5 5. d3 e6 6. Qb3 Na6 7. Nf3 Nf6 8.
Nxf6+ gxf6 9. Be3 Qa5+ 10. Bd2 Bb4 11. O-O-O O-O-O 12. a3 Bxd2+ 13. Rxd2 Rhg8
14. Qc2 Rd7 15. Nh4 Rgd8 16. Nxf5 Qxf5 17. b4 Nc7 18. h4 Rd4 19. g3 a5 20. Bh3
Qe5 21. Rhd1 axb4 22. axb4 Na6 23. Qc3 c5 24. b5 Nb4 25. Bf1 Re4 0-1

[Event "47. Miedzynarodowy Festiwal Szachowy im."]
[Site "Polanica Zdroj"]
[Date "2011.??.??"]
[Round "4.3"]
[White "Kozicz, Andrzej"]
[Black "Drazek, Wladyslaw"]
[Result "0-1"]
[WhiteElo "2014"]
[BlackElo "2063"]
[PlyCount "106"]
[EventDate "2011.??.??"]

1. e4 e5 2. Nf3 Nc6 3. Bc4 Nf6 4. O-O Bc5 5. d4 Bxd4 6. Nxd4 Nxd4 7. f4 d6 8.
fxe5 dxe5 9. c3 Ne6 10. Qxd8+ Nxd8 11. Bg5 Ke7 12. Nd2 h6 13. Bh4 g5 14. Bg3
Nd7 15. b4 f6 16. Bb3 Nf8 17. Nc4 Ng6 18. Ne3 c6 19. Nf5+ Bxf5 20. exf5 Nf4 21.
Rfe1 Nd5 22. Rec1 Nf7 23. b5 Rhd8 24. bxc6 bxc6 25. Bf2 Kd6 26. g3 Kc7 27. c4
Nb4 28. c5 Nd5 29. Rc4 a5 30. Ra4 Nc3 31. Rc4 Ne2+ 32. Kh1 a4 33. Rxa4 Rxa4 34.
Bxa4 e4 35. Be1 Ra8 36. Bb3 Ne5 37. Bf2 Nd3 38. Be3 Ra5 39. Bc4 Ra4 40. Bb3 Rb4
41. Kg2 Rb5 42. h4 gxh4 43. gxh4 h5 44. Kh3 Rb8 45. Bf7 Rh8 46. a4 Ne5 47. Re1
Nxf7 48. Rxe2 Kb7 49. Rd2 Ne5 50. Rd6 Nc4 51. Bf4 Nxd6 52. cxd6 Kc8 53. a5 Kd7
0-1